Flood risk and community resilience : (Record no. 48569)

MARC details
000 -LEADER
fixed length control field 00557nam a2200193Ia 4500
005 - DATE AND TIME OF LATEST TRANSACTION
control field 20260122095521.0
008 - FIXED-LENGTH DATA ELEMENTS--GENERAL INFORMATION
fixed length control field 260121s9999||||xx |||||||||||||| ||und||
020 ## - INTERNATIONAL STANDARD BOOK NUMBER
International Standard Book Number 9781138954472
082 ## - DEWEY DECIMAL CLASSIFICATION NUMBER
Classification number 363.34936
Item number MCE
100 ## - MAIN ENTRY--PERSONAL NAME
Personal name McEwen, Lindsey Jo
245 #0 - TITLE STATEMENT
Title Flood risk and community resilience :
Remainder of title an interdisciplinary approach /
260 ## - PUBLICATION, DISTRIBUTION, ETC. (IMPRINT)
Place of publication, distribution, etc London :
Name of publisher, distributor, etc Routledge,
Date of publication, distribution, etc 2024.
300 ## - PHYSICAL DESCRIPTION
Extent xx, 353 p.; pbk
440 ## - SERIES STATEMENT/ADDED ENTRY--TITLE
Title Earthscan studies in water resource management
650 ## - SUBJECT ADDED ENTRY--TOPICAL TERM
Topical term or geographic name as entry element Earthscan
650 ## - SUBJECT ADDED ENTRY--TOPICAL TERM
Topical term or geographic name as entry element Flood
650 ## - SUBJECT ADDED ENTRY--TOPICAL TERM
Topical term or geographic name as entry element Water resource
942 ## - ADDED ENTRY ELEMENTS (KOHA)
Koha item type Text Books
Holdings
Date last seen Total Checkouts Full call number Barcode Price effective from Koha item type Lost status Damaged status Not for loan Collection code Withdrawn status Home library Current library Shelving location Date acquired Source of acquisition
22/01/2026   363.34936 MCE 54959 22/01/2026 Text Books       Non-fiction   CUTN Central Library CUTN Central Library Social Sciences 22/01/2026 Technical Buearu, New Delhi - Invoice No. - TB4434 on 07-03-2025